Normal view
MARC view
- Supervisor: Dr. Mumtaz Ali Memon
Entry Personal Name
001 - CONTROL NUMBER
- control field: 120045
003 - CONTROL NUMBER IDENTIFIER
- control field: NUST
005 - DATE AND TIME OF LATEST TRANSACTION
- control field: 20240123103329.0
008 - FIXED-LENGTH DATA ELEMENTS
- fixed length control field: 240123|| aca||aabn | a|a d
040 ## - CATALOGING SOURCE
- Original cataloging agency: NUST
- Transcribing agency: NUST
100 ## - HEADING--PERSONAL NAME
- Personal name: Supervisor: Dr. Mumtaz Ali Memon
670 ## - SOURCE DATA FOUND
- Source citation: Work cat.: (NUST): Bashir, Huma 120044, Socially responsible HRM and perceived workplace inclusion: the mediating role of psychological safety and moderating role of responsible leadership/
